000 01032cam a22002651i 4500
003 SA-RiAUC
005 20241022145527.0
008 241020s1993 le g 000 0bara c
040 _aSA-JeALM
_bara
_cSA-RiAUC
_erda
050 0 4 _bH36. 1993
082 0 4 _a922.68
_qSA-RiAUC
090 _a922.68
_bح م ا
100 1 _aالحمامصي، عبد العال،
_dتوفي 2009
_eمؤلف.
245 1 0 _aالبوصيري :
_bمادح الرسول الأعظم /
_cعبد العال الحمامصي.
250 _aالطبعة الثانية.
264 1 _aبيروت :
_bمكتبة الهداية،
_c1993
300 _a77 صفحة ؛
_c24 سم.
336 _aنص
_btxt
_2rdacontent
_3كتاب
337 _aبدون وسيط
_bn
_2rdamedia
338 _aمجلد
_bnc
_2rdacarrier
600 1 7 _aالبوصيري، محمد بن سعيد بن حماد،
_d608-696 هجري
_2aucnm
650 7 _aالشعراء المسلمون
_vتراجم
_2aucsh
942 _2ddc
_cBOOK
_n0
949 _aSA-JeALM
_d241020
_umohamedma123
_n1
999 _c1603
_d1603